Treinta y dos años de investigación sistemática y transferencia tecnológica del cultivo de café en Costa Rica: 1950-1982

Đã lưu trong:
Chi tiết về thư mục
Tác giả chính: Perez Solano, Víctor
Tác giả của công ty: Oficina del Café
Định dạng: Texto
Được phát hành: San José: Oficina del Café
Các nhãn: Thêm thẻ
Không có thẻ, Là người đầu tiên thẻ bản ghi này!

MARC

LEADER 00000 a a2200000 04500
001 20966
003
040
090 |a 090100  
100 |a Perez Solano, Víctor  
110 |a Oficina del Café  
245 |a Treinta y dos años de investigación sistemática y transferencia tecnológica del cultivo de café en Costa Rica: 1950-1982  
260 |a San José:   |b Oficina del Café  
300 |a 31 p.  
999 |c 6120  |d 6120